Statistics for Longest Subway Lines

Click here to take the quiz!

General Stats

  • This quiz has been taken 2 times
  • The average score is 2 of 30

Answer Stats

LengthAnswer% Correct
60kmLine 3 Guangzhou
100%
57kmLine 10 Beijing
50%
28kmBannan Taipei
0%
35kmCircle Singapore
0%
44kmDowntown Singapore
0%
30kmEighth Avenue New York
0%
37kmKaluzhsko Moscow
0%
29kmKirovsko St-Petersburg
0%
40kmL-12 Madrid
0%
32kmL-7 Madrid
0%
40kmLine 12 Shanghai
0%
35kmLine 2 Busan
0%
30kmLine 2 Shanghai
0%
35kmLine 2 Shenzhen
0%
41kmLine 3 Nanjing
0%
39kmLine 4 Chengdu
0%
41kmLine 4 Suzhou
0%
48kmLine 5 Seoul
0%
43kmLine 6 Beijing
0%
35kmLine 6 Seoul
0%
35kmLine 7 Seoul
0%
34kmLine 7 Shanghai
0%
29kmLine 8 Shanghai
0%
31kmLine 9 Seoul
0%
33kmLyublinsko Moscow
0%
29kmMoscovsko St-Petersburg
0%
30kmOrange Line Montreal
0%
41kmSerpuskhocsko Moscow
0%
40kmToei Oedo Tokyo
0%
31kmU7 Berlin
0%

Score Distribution

Percentile by Number Answered

Percent of People with Each Score

Your Score History

You have not taken this quiz